| 000 | 02678cam a22004098i 4500 | ||
|---|---|---|---|
| 001 | 22870954 | ||
| 003 | OSt | ||
| 005 | 20231004135743.0 | ||
| 006 | m |o d | | ||
| 007 | cr_||||||||||| | ||
| 008 | 221117s2023 nyu o 000 1 eng | ||
| 010 | _a 2022049992 | ||
| 020 | _z9780241568620 | ||
| 020 |
_z9780593467855 _q(trade paperback) |
||
| 040 |
_aDLC _beng _cDLC _erda |
||
| 041 | 1 |
_aeng _hspa |
|
| 042 | _apcc | ||
| 050 | 0 | 0 | _aPQ6663.A7218 |
| 082 | 0 | 0 |
_a863.64 _bMAR/T |
| 100 | 1 |
_aMarías, Javier _eauthor. _99654 |
|
| 240 | 1 | 0 |
_aTomás Nevinson. _lEnglish |
| 245 | 1 | 0 |
_aTomás Nevinson / _cJavier Marías ; translated with an afterword by Margaret Jull Costa. |
| 250 | _aFirst United States edition. | ||
| 263 | _a2305 | ||
| 264 | 1 |
_aNew York : _bAlfred A. Knopf, _c2023. |
|
| 300 | _a640 p | ||
| 520 |
_a"From Spain's most acclaimed writer, a novel about a charismatic half-Spanish, half-English man who is recruited by British intelligence. Thou shalt not kill. But, as our narrator admits, "Killing is not so extreme or so difficult or unjust if you know who you are killing, what crimes he has committed or announced he is going to commit, how many evils you would save people from, how many innocent lives would be preserved in exchange . . ." The British Embassy, Madrid, 1997. Against his better judgment, Tomás Nevinson re-enters the Secret Service and is sent to a small town to identify a suspect behind several deadly terrorist attacks carried out by the IRA and ETA. Nevinson must decide which of three women is the mastermind and kill her before it's too late. The assignment smacks of his former boss Bertram Tupra and his questionable methods-but Nevinson can't see a way out. Tomás Nevinson is the story of a man who has stretched the limits of what a person can bear, but then is asked to go beyond them. At once a gripping spy narrative and a profound reflection on evil and morality and doubt, it is a chilling, labyrinthine novel that expands Javier Marías's fascinating fictional universe"-- _cProvided by publisher. |
||
| 588 | _aDescription based on print version record and CIP data provided by publisher; resource not viewed. | ||
| 655 | 7 |
_aThrillers (Fiction) _2lcgft |
|
| 655 | 7 |
_aSpy fiction. _2lcgft |
|
| 655 | 7 |
_aNovels. _2lcgft |
|
| 700 | 1 |
_aCosta, Margaret Jull, _etranslator. |
|
| 776 | 0 | 8 |
_iPrint version: _aMarías, Javier. _tTomás Nevinson _bFirst United States edition. _dNew York : Alfred A. Knopf, 2023 _z9780593534588 _w(DLC) 2022049991 |
| 906 |
_a7 _bcbc _corignew _d1 _eecip _f20 _gy-gencatlg |
||
| 942 |
_2ddc _cBK _h863.64 _iMAR/T _k863.64 _mMAR/T |
||
| 999 |
_c42526 _d42526 |
||